=LDR 00000nam 2200000 4500 =001 INLIS000000000001100 =005 20200929080016 =035 ##$$a 0010-061300000001100 =008 200929###########################0#ind## =041 ##$$a Ind =082 ##$$a 306.3 =090 ##$$a 306.3, Eff-s =100 ##$$a Effendi, Tajuddin Nur =245 1#$$a Sumber daya manusia peluang kerja dan kemiskinan, /$c Tajuddin Nur Effendi =260 ##$$a Yogyakarta :$b PT. Tiara Wacana,$c 1995 =300 ##$$a x,300 hlm, : $b ilus, ; $c 14 x 21 cm =650 #4$$a Sosiologi ekonomi =850 ##$$a NBPNMAT =020 ##$$a 979-8120-54-x =084 ##$$a 306.3 EFF s =250 ##$$a cet. 1 =990 ##$$a 112.764 pro.97 =990 ##$$a 00050293 =990 ##$$a 00051687